000 00685nam a2200265Ia 4500
003 OSt
005 20220918164605.0
006 a|||||r|||| 00| 0
007 ta
008 220917b |||||||| |||| 00| 0 eng d
020 _a0700703039
024 _a4,407
037 _cTextual
040 _aARTS
_cARTS
_beng
041 _2eng
_aeng
082 _aQ2:1, N6
100 _aLaslie Julia ed
_919625
245 0 _aMyth and mythmaking
260 _aSurrey
_bCurzon press
_c1996
300 _axxiv, 170p
_ccm.
490 _aCollected papers on South Asia No, 12
650 _aRELIGION
942 _hQ2:1, N6
_cTEXL
_2CC
999 _c125487
_d125487